00452nam a2200157 a 450000500170000000800410001702000180005805000220007610000180009824500510011626000500016730000210021765000110023870000230024970000220027220140310183538.0110818s19uu xx 00 eng d a9788190712873 aQK 47b.P189 2008 aPandian, I.D. aIntroduction to modern botany /cI.D. Pandian. aNew Delhi, India :bA.K. Publications,c2008. a264 p. :c22 cm. aBotany aPrasad, Rajbhushan aKUmar, Abhinandan